000 00609nam a2200241Ia 4500
003 OSt
005 20220912152140.0
006 a|||||r|||| 00| 0
007 ta
008 220909b |||||||| |||| 00| 0 eng d
024 _a58289
037 _cTextual
040 _aCSL
_beng
_cCSL
041 _aeng
082 _aA.2r, H8
100 _aNational Insitute of sciences of India
245 0 _aReport of the council for 1948
260 _c1948
300 _ap.
_ccm.
650 _aScience
942 _hA.2r, H8
_cTEXL
_2CC
999 _c81737
_d81737